000 00230 a2200097 4500
000 nam a22 7a 4500
020 _a9780718157845
100 _aMoyes, Jojo
245 _aThe girl you left behind
260 _bPenguin Books,
_c2012.
999 _c85484
_d85484